000 00894nam a22002777a 4500
001 7345
003 FISKH
005 20250710094005.0
008 250710b cb ||||| |||| 00| 0 eng d
020 _a9781606945148
040 _aFISKH
_beng
_cFISKH
_dFISKH
050 _aPE1119.M27
082 _a428.1
100 _aMcNaught, Harry
245 _a500 words to grow on /
_cIllustrated by Harry McNaught
260 _aNew York :
_bRandom House,
_c1973.
300 _a32 unnumbered pages :
_bcolor illustrations ;
_c21 cm
505 _aE
520 _aNames of objects in English and Spanish and accompanying illustrations are grouped by topics such as colors, toys, animals, and tools.
521 8 _a200
_bLexile estimate
521 8 _aE
_bRaz-Plus
648 _aAlphabet
_vDictionary
_xPicture Book
700 _aGreve, Meg
_eAuthor
942 _2ddc
_cBK
_n0
999 _c7345
_d7345